书目信息 |
| 题名: |
物理学习题辅导与解答
|
|
| 作者: | 周逊选 编著 | |
| 分册: | ||
| 出版信息: | 武汉 华中科技大学出版社 2008.02 |
|
| 页数: | 210页 | |
| 开本: | 24cm | |
| 丛书名: | 经典教材辅导用书·物理系列丛书 | |
| 单 册: | ||
| 中图分类: | O4 | |
| 科图分类: | ||
| 主题词: | 物理学--wu li xue--高等学校--教学参考资料 | |
| 电子资源: | ||
| ISBN: | 978-7-5609-4369-5 | |
| 000 | 01130nam 2200277 450 | |
| 001 | 012008569931 | |
| 005 | 20080603080920.46 | |
| 010 | @a978-7-5609-4369-5@dCNY20.00 | |
| 100 | @a20080603d2008 em y0chiy0120 ea | |
| 101 | 0 | @achi |
| 102 | @aCN@b420000 | |
| 105 | @aa z 000yy | |
| 106 | @ar | |
| 200 | 1 | @a物理学习题辅导与解答@Awu li xue xi ti fu dao yu jie da@e高教版《物理学》@f周逊选编著@Fzhou xun xuan bian zhu |
| 205 | @a第5版 | |
| 210 | @a武汉@c华中科技大学出版社@d2008.02 | |
| 215 | @a210页@c图@d24cm | |
| 225 | 2 | @a经典教材辅导用书·物理系列丛书@Ajing dian jiao cai fu dao yong shu·wu li xi lie cong shu |
| 330 | @a本书是根据高等教育出版社出版、东南大学等七所工科院校编、马文蔚改编的《物理学》(第5版)的内容和系统编写的,对其中全部习题逐一进行了解答。全书共十五章,每章分为“内容提要”和“习题解答’’两部分。 | |
| 410 | 0 | @12001 @a经典教材辅导用书·物理系列丛书 |
| 517 | 1 | @a高教版《物理学》@Agao jiao ban《wu li xue》 |
| 606 | 0 | @a物理学@Awu li xue@x高等学校@j教学参考资料 |
| 690 | @aO4@v4 | |
| 701 | 0 | @a周逊选@Azhou xun xuan@4编著 |
| 801 | 0 | @aCN@bQSSK@c20080603 |
| 905 | @b723090-92@dO4@eZ807@f3 | |
| 物理学习题辅导与解答:高教版《物理学》/周逊选编著.-第5版.-武汉:华中科技大学出版社,2008.02 |
| 210页:图;24cm.-(经典教材辅导用书·物理系列丛书) |
| ISBN 978-7-5609-4369-5:CNY20.00 |
| 本书是根据高等教育出版社出版、东南大学等七所工科院校编、马文蔚改编的《物理学》(第5版)的内容和系统编写的,对其中全部习题逐一进行了解答。全书共十五章,每章分为“内容提要”和“习题解答’’两部分。 |
| ● |
| 相关链接 |
|
|
|
正题名:物理学习题辅导与解答
索取号:O4/Z807
 
预约/预借
| 序号 | 登录号 | 条形码 | 馆藏地/架位号 | 状态 | 备注 |
| 1 | 723090 | 207230904 | 自科库401/401自科库 55排4列1层/ [索取号:O4/Z807] | 在馆 | |
| 2 | 723091 | 207230913 | 自科库401/401自科库 55排4列1层/ [索取号:O4/Z807] | 在馆 | |
| 3 | 723092 | 207230922 | 自科库401/401自科库 55排4列1层/ [索取号:O4/Z807] | 在馆 |